| 000 | 00551nam a22002057a 4500 | ||
|---|---|---|---|
| 003 | OSt | ||
| 005 | 20160620135756.0 | ||
| 008 | 160620b xxu||||| |||| 00| 0 eng d | ||
| 020 | _a9781405136518 | ||
| 040 | _cDNLM. | ||
| 082 | _aQT18L494o 2007. | ||
| 100 |
_aEdited by.Ole,H.Petersen. _99481 |
||
| 245 | _aLecture Notes on Human Physiology. | ||
| 250 | _a5th ed. | ||
| 260 |
_axiii,650p; _bBlackwell publishing. _c2007. |
||
| 300 |
_axiii,650p; _bcol,ill; _c25cm. |
||
| 504 | _aincludes index. | ||
| 650 |
_aPhysiology. _9215 |
||
| 942 |
_2z _cO_SHELF |
||
| 999 |
_c4410 _d4410 |
||